10 Closest Capitals to Reykjavik Quiz Stats

 Plays Quiz Updated Aug 16, 2018

Challenge
Share
Tweet
Embed
Score 0/10 Timer 02:00
12 Plays Today
Capital % Correct
London, UK
98.7%
Oslo, Norway
95.6%
Paris, France
94.2%
Dublin, Ireland
94.1%
Stockholm, Sweden
90.4%
Amsterdam, Netherlands
89.4%
Copenhagen, Denmark
88.7%
Berlin, Germany
88.6%
Brussels, Belgium
87.8%
Luxembourg, Luxembourg
75.9%

You're not logged in!

Compare scores with friends on all Sporcle quizzes.
OR
Log In

You Might Also Like...

Show Comments

Extras

Top Quizzes Today


Score Distribution

Your Account Isn't Verified!

In order to create a playlist on Sporcle, you need to verify the email address you used during registration. Go to your Sporcle Settings to finish the process.

Report this User

Report this user for behavior that violates our Community Guidelines.

Details: